000 00298nam a22001217a 4500
999 _c160094
_d160094
082 _a
_b
100 _aMaharshies markandalyth Laugakshi
245 _aThe smriti sandarbha (v.6)/
_cby Maharshies markandalyth Laugakshi.
260 _aDelhi:
_bNag,
_c
300 _a
650 _a
942 _cBK